My crowded solitude /

Spremljeno u:
Bibliografski detalji
Glavni autor: McLaren, Jack, 1887-1954
Format: Knjiga
Jezik:English
Izdano: London : Ernest Benn, 1930.
Izdanje:5th ed. (Essex Library)
Serija:Benn's Essex library
Teme:
LEADER 00913nam a2200265 a 4500
001 c000014394
003 CARM
005 19920723000000.0
008 890809s1930 enk 000 0 eng d
019 1 |a 6406656  |5 LACONCORD2021 
035 |a (OCoLC)11407709  |5 LACONCORD2021 
040 |a VVUT  |b eng  |c VVUT  |d ANL 
043 |a u-at-qn 
082 0 4 |a 919.438  |2 20 
100 1 |a McLaren, Jack,  |d 1887-1954. 
245 1 0 |a My crowded solitude /  |c Jack McLaren. 
250 |a 5th ed. (Essex Library) 
260 |a London :  |b Ernest Benn,  |c 1930. 
300 |a 188 p. ;  |c 18 cm. 
490 0 |a Benn's Essex library 
500 |a First published 1926. 
651 0 |a Cape York Peninsula (Qld.) 
852 8 |b CARM  |h A2:AI29G0  |i A01922  |p 0136604  |f BK 
999 f f |i d0382e54-7f69-5ec0-ac47-d5cc59bc8982  |s 6f78914c-a6e2-56eb-8689-1221e3645724 
952 f f |p Can circulate  |a CAVAL  |b CAVAL  |c CAVAL  |d CARM 1 Store  |e A01922  |f A2:AI29G0  |h Other scheme  |i book  |m 0136604